000 00381nam a2200157Ia 4500
008 231221s9999 xx 000 0 und d
041 _aEnglish
082 _a001.64404 TAN;1
100 _aTanenbaum, Andrew S.
245 0 _aComputer networks
250 _a3rd ed.
260 _c1996
_bNew Delhi : PHI,
300 _axviii+813
650 _aNetworks,computer
942 _cBK
999 _c200068
_d200068